Computer organization and programming /
Guardado en:
| Autor Principal: | |
|---|---|
| Formato: | Libro |
| Idioma: | English |
| Publicado: |
New York :
McGraw-Hill,
c1980.
|
| Edición: | 3rd ed. |
| Series: | McGraw-Hill computer science series
|
| Materias: | |
| Etiquetas: |
Agregar Etiqueta
Sin Etiquetas, Sea el primero en etiquetar este registro!
|
| LEADER | 00770cam a2200241 a 4500 | ||
|---|---|---|---|
| 001 | DCC.dcic000970 | ||
| 008 | 790803s1980####nyua#####b####001#0#eng## | ||
| 005 | 20160616153758.0 | ||
| 245 | 1 | 0 | |a Computer organization and programming / |c C. William Gear. |
| 250 | |a 3rd ed. | ||
| 260 | |a New York : |b McGraw-Hill, |c c1980. | ||
| 300 | |a xiii, 442 p. : |b il. ; |c 24 cm. | ||
| 440 | 0 | |a McGraw-Hill computer science series | |
| 504 | |a Incluye referencias bibliográficas e índice. | ||
| 020 | |a 0070230420 | ||
| 100 | 1 | |a Gear, C. William |q (Charles William), |d 1935- | |
| 082 | 0 | 0 | |a 001.6/42 |
| 650 | 0 | |a Computer programming. | |
| 650 | 0 | |a Computer organization. | |
| 010 | |a 79019466 | ||
| 040 | |a DLC |c DLC |d DLC | ||
| 050 | 0 | 0 | |a QA76.6 |b .G38 1980 |
| 859 | |a DCIC |b BIB. COMPUTACION |p 2003 | ||
